• 首页
  • 本馆介绍
  • 公告通知
  • 最新文献
  • 馆藏检索
  • 电子资源
  • 读者导购
  • 参考咨询
  • 我的图书馆
  • 登录
  • 详细信息显示
  • 放入我的书架
  • 预约/预借图书
  • 作者相关作品
  • 分类相关作品
  • 丛书相关作品
  • 出版社相关作品

书目信息

  • 表格格式
  • 工作单格式
  • 卡片格式
题名:
美育人者先自育
    
 
作者: 翁宏国 著
分册:  
出版信息: 北京   中国致公出版社  2021
页数: 131页
开本: 24cm
丛书名:
单 册:
中图分类: G633.955.2 , G633.9
科图分类:
主题词: 美术课--教学研究--中学
电子资源:
ISBN: 978-7-5145-1722-4
000 00807nam0 2200241 450
001 2375253305
005 20231022205427.47
010    @a978-7-5145-1722-4@dCNY45.00
100    @a20221021d2021 em y0chiy50 ea
101 0  @achi
102    @aCN@b110000
105    @aa z 000yy
200 1  @a美育人者先自育@Amei yu ren zhe xian zi yu@e一位美术教师学习与思考的发展心路@f翁宏国著
210    @a北京@c中国致公出版社@d2021
215    @a131页@c图@d24cm
300    @a名师名校名校长书系
330    @a本书共4篇10章,内容包括:走近美学—学习与感受、走近美育—学习与研究、深入美术—美育与美术、美育人者先自育—美术教学等。
606 0  @a美术课@x教学研究@x中学
690    @aG633.955.2@v5
690    @aG633.9@v4
701  0 @a翁宏国@Aweng hong guo@4著
801  0 @aCN@b91MARC@c20221101
905    @aZUCC@dG633.9@e2
    
    美育人者先自育:一位美术教师学习与思考的发展心路/翁宏国著.-北京:中国致公出版社,2021
    131页:图;24cm
    名师名校名校长书系
    
    ISBN 978-7-5145-1722-4:CNY45.00
    本书共4篇10章,内容包括:走近美学—学习与感受、走近美育—学习与研究、深入美术—美育与美术、美育人者先自育—美术教学等。
●
相关链接 在五车中查询图书 在当当中查询图书 在豆瓣中查询图书


正题名:美育人者先自育     索取号:G633.9/2         预约/预借

序号 登录号 条形码 馆藏地/架位号 状态 备注
1 2001033699   2001033699   第四书库/四8架A面4层2列/ [索取号:G633.9/2] 在馆    
2 2001033700   2001033700   第四书库/四8架A面4层2列/ [索取号:G633.9/2] 在馆    
3 2001033701   2001033701   第四书库/四8架A面4层2列/ [索取号:G633.9/2] 在馆    
4 2001033702   2001033702   第四书库/四8架A面4层2列/ [索取号:G633.9/2] 在馆    
5 2001033703   2001033703   第四书库/四8架A面4层2列/ [索取号:G633.9/2] 在馆    
6 2001033704   2001033704   第四书库/四8架A面4层2列/ [索取号:G633.9/2] 在馆    
山东省滨州职业学院图书馆 欢迎您!
大连网信软件有限公司© 版权所有